| 000 | 03292cam a22006374i 4500 | ||
|---|---|---|---|
| 003 | PE-LiUPU | ||
| 005 | 20250731180059.0 | ||
| 008 | 070209s2006 sp a i 001 0 spa d | ||
| 020 | _a8420550140 | ||
| 020 | _a9788420550145 | ||
| 035 | _a(Sirsi) i9788420550145 | ||
| 040 |
_aPIF _bspa _cPIF _dUGX _dUXS _dOCLCA _dOCLCQ _dOCLCF _dOCLCO _dOCLCQ _dPE-LiUPU _erda |
||
| 041 | 1 |
_aspa _heng |
|
| 049 | _aPRUA | ||
| 050 | 1 | 4 |
_aQH430 _b.K57418 2006 |
| 082 | 0 | 4 |
_a575.1 _bK64 _221 |
| 100 | 1 |
_aKlug, William S., _eautor. |
|
| 245 | 1 | 0 |
_aConceptos de genética / _cWilliam S. Klug, Michael R. Cummings, Charlotte A. Spencer. |
| 250 | _aOctava edición. | ||
| 264 |
_aMadrid : _bPearson, _c2006. |
||
| 300 |
_axxix, 884 páginas : _bilustraciones ; _c27 centímetros |
||
| 336 |
_text _2rdacontent |
||
| 337 |
_unmediated _2rdamedia |
||
| 338 |
_volume _2rdacarrier |
||
| 500 | _aTranslation of: Concepts of genetics, 2006. | ||
| 504 | _aÍndice : páginas 859-884. | ||
| 505 | 2 | _aIntroducción a la genética -- Mitosis y meiosis -- Genéticca mendeliana -- Ampliaciónes de la genética mendeliana -- Cartografía cromosómica en eucariotas -- Análisis genético y mapas en bacterias y bacteriófagos -- Determinación del sexo y cromosomas sexuales -- Mutaciones cromosómicas: variación en el número y ordenación de los cromosomas Herencia extranuclear -- Estructura y análisis del DNA -- Replicación y recombinación de DNA -- La organización del DNA en cromosomas -- El código genético y la transcripción -- Traducción y proteinas -- Mutación genética, reparación del DNA y transposición -- Regulación de expresión genéticas en procariotas -- Regulación de la expresión genética en eucariotas -- Regualción del ciclo celular -- y cancer -- Tecnología del DNA recombinante -- Genómica y proteómica -- Disección de la función genética: análisis mutacional en organismos modelo -- Aplicaciones y ética de la biotecnología -- Genética del desarrollo de organismo modelo -- Genética cuantitativa y caracteres multifactoriales -- Genética de poblaciones -- Genética evolutiva -- Genética de la conservación. | |
| 526 | _aSEG44 | ||
| 526 | _aSEG26 | ||
| 526 | _aP159 | ||
| 526 | _aP155 | ||
| 526 | _aP154 | ||
| 526 | _aP153 | ||
| 526 | _aP150 | ||
| 526 | _aP100 | ||
| 526 | _aP31 | ||
| 526 | _aP30 | ||
| 526 | _aP26 | ||
| 526 | _aP25 | ||
| 526 | _aP24 | ||
| 526 | _aP22 | ||
| 526 | _aP15 | ||
| 526 | _aP10 | ||
| 541 | _g001-003151; | ||
| 650 | 4 | _aGenética. | |
| 700 | 1 |
_aBueno I. Torrens, David, _etraductor. |
|
| 700 | 1 |
_aCummings, Michael R., _eautor. |
|
| 700 | 1 |
_aMénsua, José Luis, _etraductor. |
|
| 700 | 1 |
_aSpencer, Charlotte A., _eautor. |
|
| 700 | 1 |
_aWard, Sarah M., _ecolaborador. |
|
| 942 |
_2ddc _cBOOK |
||
| 949 |
_a576.5 K64 _wDEWEY _c1 _i74018 _d2016-11-29 _e2016-11-29 _lCCODEBUL1 _mBUL _n3 _p158.61 _r0 _sY _tBOOK _u2016-7-12 _xSALUD _PP30 _0COMPRA _o.STAFF. Colección General |
||
| 994 |
_aC0 _bPEPRU |
||
| 596 | _a1 | ||
| 999 |
_a575.1 K64 _wDEWEY _c11075 _i74018 _d11075 _e2019-6-10 _f2021-11-5 _g5 _lCCODEBUL1 _mBUL _n19 _p158.61 _q9 _r0 _sY _tBOOK _u2016-7-12 _xBIBLIOTECA _PP30 _0COMPRA _o.STAFF. Colección Ciencias de la Salud |
||
| 980 |
_81 _gALBERTO SANCHEZ Responsable de Automatización |
||